New food product development: from concept to marketplace
Saved in:
| Hovedforfatter: | |
|---|---|
| Format: | Bog |
| Sprog: | engelsk |
| Udgivet: |
Boca Ratón
CRC Press
1994
|
| Udgivelse: | 1a. ed |
| Serier: | CRC Series in Contemporary Food Science
|
| Fag: | |
| Tags: |
Tilføj Tag
Ingen Tags, Vær først til at tagge denne postø!
|
MARC
| LEADER | 00000cam a2200000 a 4500 | ||
|---|---|---|---|
| 001 | UCP0538 | ||
| 003 | CL-VaPUC | ||
| 008 | 990313e19940000US |||||||||||||||||eng|d | ||
| 020 | |a 0849380022 | ||
| 082 | 0 | 4 | |a 641.3 |b FUL |2 21 |
| 100 | 0 | |a Fuller, Gordon W |e author |9 425869 | |
| 245 | 1 | 0 | |a New food product development: from concept to marketplace |
| 250 | |a 1a. ed | ||
| 300 | |a 275 p | ||
| 942 | |c BK | ||
| 945 | |d 19990313 00:00:00 |a aarredon | ||
| 260 | |a Boca Ratón |b CRC Press |c 1994 | ||
| 650 | 0 | |a Alimentos |9 256203 | |
| 650 | 0 | |a Comercialización |9 259326 | |
| 650 | 0 | |a Industria alimentaria |9 331702 | |
| 650 | 7 | |a TECNOLOGIA DE ALIMENTOS |2 CL-VaPUC |9 425870 | |
| 583 | |a last modification |c 20180112 02:55:43 |k Rodrigo Vera | ||
| 490 | 0 | |a CRC Series in Contemporary Food Science | |
| 999 | |c 279306 |d 279304 | ||
| 952 | |0 0 |1 0 |4 0 |6 641_300000000000000_FUL_1994 |7 0 |8 A |9 318350 |a BIBALI |b BIBALI |c GEN |d 2019-11-20 |i 3390985 |l 4 |o 641.3 FUL 1994 |p 3390985 |r 2025-01-20 |s 2022-09-08 |w 2019-11-20 |y BK |k ALI | ||
| 952 | |0 0 |1 0 |4 0 |6 641_300000000000000_FUL_1994 |7 0 |8 A |9 318351 |a BIBALI |b BIBALI |d 2019-11-20 |i 3506495 |o 641.3 FUL 1994 |p 3506495 |r 2025-01-20 |w 2019-11-20 |y BK |k ALI | ||
| 952 | |0 0 |1 0 |2 ddc |4 0 |6 641_300000000000000_FUL_1994 |7 0 |8 A |9 318352 |a BIBALI |b BIBALI |c GEN |d 2019-11-20 |i 3571440 |o 641.3 FUL 1994 |p 3571440 |r 2025-01-20 |w 2019-11-20 |y BK |k ALI | ||
| 952 | |0 0 |1 0 |3 erd |4 0 |6 641_300000000000000_FUL_1994 |7 0 |8 A |9 318353 |a BIBALI |b BIBALI |i 5448182 |o 641.3 FUL 1994 |p 5448182 |r 2025-01-20 |w 2019-11-20 |y BK |z Catalogado en:20180114 |k ALI | ||